000 00787nam a2200229 a 4500
001 000007257
005 20250423140401.0
008 090907s1994 dr c 000 0 spa d
040 _aDO-SdBNP
_bspa
_cBNPHU
082 _a610.6
_bA173h
110 2 _aAsociación Médica Dominicana
_916565
245 1 0 _aAcerca de la historia de la AMD / :
_beditores Santiago Castro Ventura, Fernando Fernández.
250 _a2a. ed.
260 _aSanto Domingo :
_bAMD,
_c1994.
300 _a130 p. :
_bretrs. ;
_c21 cm.
490 1 _aAMD-Centenaria
650 4 _aSociedad cientifica
_zRepública Dominicana
_920143
700 1 _aCastro Ventura, Santiago
_eed.
_91837
700 1 _aFernández, Fernando,
_eed.
_91840
710 2 _aAsociación Médica Dominicana
_916565
830 0 _aAMD-Centenaria
_920144
999 _c7038
_d7038